Partier ud fra listebogstave - Statistics

General Stats
  • This quiz has been taken 216 times
  • The average score is 8 of 10
Answer Stats
Liste Parti % Correct
V Venstre
98%
A Socialdemokratiet
95%
O Dansk Folkeparti
93%
Ø Enhedslisten
90%
Å Alternativet
86%
C Det Konservative Folkeparti
82%
B Radikale Venstre
82%
I Liberal Alliance
80%
F Socialistisk Folkeparti
73%
D Nye Borgerlige
57%
No matching quizzes found
Score Distribution
Percent of People with Each Score
Percentile by Number Answered
Your Score History
You have not taken this quiz